000 00545nam a22001937a 4500
005 20210817142748.0
008 210817b ||||| |||| 00| 0 eng d
020 _a9780199489398
040 _aIN-DiNC
_cIN-DiNC
041 _deng
082 _a330.9540533
_bECO
245 _aEconomic survey 2017-18/
_cBy Government of India
250 _a1st ed.
_bV-1
260 _aNew Delhi:
_bOxford University press,
_c2018
300 _axvii, 143+40(A) p.
650 _aIndian economy
700 _aGovernment of India
_eContributor
942 _2ddc
_cBK
999 _c11187
_d11187